| 000 | 01814nam0a2200409 4500 | ||
|---|---|---|---|
| 001 | RU\NLR\bibl\1698647 | ||
| 005 | 20260409073417.0 | ||
| 010 | _a978-5-93347-313-8 | ||
| 021 |
_aRU _b2010-76963 _95132 |
||
| 035 | _a(nilc)RSL-KNO-004742899 | ||
| 035 | _a(NLR Aleph) 001689733 | ||
| 090 |
_a1153148 _c1153148 |
||
| 100 | _a20101011d2010 |||y0rusy50 ca | ||
| 101 | 0 | _arus | |
| 102 | _aRU | ||
| 105 | _aa ||||||||| | ||
| 200 | 1 |
_aБратухины и другие _fВ.А. Гусев, С.В. Корягин |
|
| 210 |
_aМосква _cРусаки _d2010 |
||
| 215 |
_a128 с. _cил., портр. _d20 |
||
| 225 | 1 |
_aГенеалогия и семейная история Донского казачества _vвып. 94 |
|
| 225 | 1 |
_aПятиизбянская, Верхне-Чирская и Голубинская станицы _vвып. 1 |
|
| 300 | _aНа обл. авт. не указаны | ||
| 320 | _aИмен. указ.: с. 114-118 | ||
| 606 |
_aДонское казачество _xГенеалогия _3RU\NLR\auth\661261427 _92085312 |
||
| 686 | _aТ214(2)0-9 | ||
| 686 | _aТ3(2)0-294 | ||
| 700 | 1 |
_4070 _8rus _7ca _aГусев _bВ. А. _cисторик _f1968- _gВиталий Александрович _3RU\NLR\auth\77100666 _983592 |
|
| 701 | 1 |
_4070 _7ca _8rus _aКорягин _bС. В. _cканд. техн. наук _cисторик казачества _gСергей Викторович _9154033 _3RU\NLR\AUTH\770154071 |
|
| 722 | _aБратухины (род) | ||
| 801 | 0 |
_aRU _bRuMoRKP _c20101011 _grcr |
|
| 801 | 1 |
_aRU _bRuMoRGB _c20101011 |
|
| 801 | 2 |
_aRU _bNLR _c20101112 _grcr |
|
| 942 | _cBOOK | ||
| 980 | _aNB | ||
| 980 | _aGENEAL02 | ||